25 ciudades más pobladas de Baleares - Estadísticas

Estadísticas generales
  • Esta prueba ha sido intentada 620 veces
  • La puntuación promedio es 14 de 25
Estadísticas de respuestas
Pob. Municipio Isla % Correcto
416 k Palma de Mallorca Mallorca
100%
49.8 k Ibiza Ibiza
95%
29.0 k Mahón Menorca
89%
43.8 k Manacor Mallorca
88%
29.8 k Ciudadela de Menorca Menorca
85%
12.1 k Formentera Formentera
72%
33.3 k Inca Mallorca
70%
20.2 k Alcudia Mallorca
68%
38.0 k Santa Eulalia del Río Ibiza
64%
50.6 k Calviá Mallorca
63%
16.3 k Pollensa Mallorca
57%
36.9 k Lluchmayor Mallorca
52%
26.3 k San Antonio Abad Ibiza
52%
13.7 k Sóller Mallorca
51%
11.3 k Andrach Mallorca
45%
37.2 k Marrachí Mallorca
43%
17.8 k Felanich Mallorca
41%
27.4 k San José Ibiza
39%
13.5 k La Puebla Mallorca
36%
10.9 k Campos Mallorca
33%
12.2 k Santañí Mallorca
28%
9.07 k Alayor Menorca
25%
11.9 k Capdepera Mallorca
21%
12.5 k Santa Margarita Mallorca
20%
11.6 k Son Servera Mallorca
17%
No se encontraron pruebas coincidentes
Distribución de puntuación
Porcentaje de gente con cada puntuación
Porcentaje por número respondido
Historial de tus puntuaciones
No has intentado esta prueba.